| 000 | 00623cam a2200217 a 4500 | ||
|---|---|---|---|
| 001 | 000018830 | ||
| 005 | 20200929165850.0 | ||
| 008 | 890301s1988 fr 000 0 fre d | ||
| 040 |
_aDO-SdBNP _bfre _cLC _dBNPHU |
||
| 082 |
_a843.914 _bD419h |
||
| 100 | 1 |
_aDepestre, René. _928671 |
|
| 245 | 1 | 0 |
_aHadriana dans tous mes rêves / _cRené Depestre. |
| 260 |
_a[Paris] : _bGallimard, _c1988. |
||
| 300 |
_a213 p. ; _c21 cm. |
||
| 490 | 1 |
_aFolio. _v2182 |
|
| 650 | 4 |
_aNovela haitiana _93196 |
|
| 650 | 4 |
_aLiteratura haitiana _93197 |
|
| 830 | 0 |
_aFolio. _v2182 _94233 |
|
| 910 | _aCatalogación derivada / LC | ||
| 049 | _aBNGR | ||
| 999 |
_c18350 _d18350 |
||